Biology of negative strand RNA viruses : the power of reverse genetics /

Bibliographic Details
Other Authors: Kawaoka, Y. (Yoshihiro)
Format: Book
Language:English
Published: Berlin ; London : Springer, [2004]
Series:Current topics in microbiology and immunology ; 283.
Subjects:

MARC

Tag First Indicator Second Indicator Subfields
LEADER 00000pam a2200000 a 4500
001 in00002000415
005 20151031130229.0
008 031031s2004 gw a b 001 0 eng
015 |a GBA3T6803  |2 bnb 
016 7 |a 009728434  |2 Uk 
020 |a 3540406611 
035 |a (OCoLC)ocm53393261 
040 |a UKM  |b eng  |c UKM  |d AGL  |d TXH  |d PMC  |d CLU  |d UtOrBLW 
049 |a TXAM 
070 0 |a QR1  |b .C8 no. 283 
082 0 4 |a 579.25135  |2 22 
090 |a QR1  |b .E6 vol. 283 
096 |a W1  |b CU821 v.283 2004 
245 0 0 |a Biology of negative strand RNA viruses :  |b the power of reverse genetics /  |c Y. Kawaoka (ed.). 
264 1 |a Berlin ;  |a London :  |b Springer,  |c [2004] 
264 4 |c ©2004 
300 |a 347 pages :  |b illustrations (some color) ;  |c 24 cm. 
336 |a text  |b txt  |2 rdacontent 
337 |a unmediated  |b n  |2 rdamedia 
338 |a volume  |b nc  |2 rdacarrier 
490 1 |a Current topics in microbiology and immunology,  |x 0070-217X ;  |v 283 
504 |a Includes bibliographical references and index. 
505 0 |a Reverse genetics of Mononegavirales / K.-K. Conzelmann -- Reverse genetics systems for the generation of segmented negative-sense RNA viruses entirely from cloned cDNA / G. Neumann and Y. Kawaoka -- Transcription and replication of nonsegmented negative-strand RNA viruses / S.P.J. Whelan, J.N. Barr and G.W. Wertz -- Orthomyxovirus replication, transcription, and polyadenylation / G. Neumann ... [et al.] -- Escaping from the cell : assembly and budding of negative-strand RNA viruses / A.P. Schmitt and R.A. Lamb -- Accessory genes of the Paramyxoviridae, a large family of nonsegmented negative-strand RNA viruses, as a focus of active investigation by reverse genetics / Y. Nagai and A. Kato -- Identification and characterization of viral antagonists of type I interferon in negative-strand RNA viruses / A. García-Sastre -- Toward novel vaccines and therapies based on negative-strand RNA viruses / V. von Messling and R. Cattaneo -- Influenza vaccines generated by reverse genetics / K. Subbarao and J.M. Katz. 
650 0 |a RNA viruses. 
650 0 |a Recombinant viruses. 
650 0 |a Antisense RNA. 
650 1 2 |a RNA Viruses  |x genetics. 
650 2 2 |a Genetic Techniques. 
700 1 |a Kawaoka, Y.  |q (Yoshihiro) 
830 0 |a Current topics in microbiology and immunology ;  |v 283. 
948 |a cataloged  |b h  |c 2004/11/2  |d c  |e cmulkey  |f 8:07:12 am 
994 |a C0  |b TXA 
999 |a MARS 
999 f f |s f88d1a9b-63cb-3eb6-b6a7-ca41f8a63509  |i 88a4eb01-242a-32a9-bac6-734e08c1a6e0  |t 0 
952 f f |p normal  |a Texas A&M University  |b College Station  |c Sterling C. Evans Library  |d Evans: Library Stacks  |t 0  |e QR1 .E6 v.283  |h Library of Congress classification  |i unmediated -- volume  |m A14832275329 
998 f f |a QR1 .E6 v.283  |t 0  |l Evans: Library Stacks